000 00689nam a2200229 i 4500
001 C2-0314932
003 PPAK
005 20180728110638.0
008 120405s2010 nyu |||| ||||| | eng d
020 _a9780807749623
040 _aPPAK
_beng
_cPPAK
_erda
082 0 4 _a379.260
_223
090 0 0 _a379.260
_bDAR
_dLCK
100 1 _aDarling-Hammond, Linda,
_eauthor
245 1 4 _aThe flat world and education:
_bhow America's commitment to equity will de termine our future
264 1 _aNew York :
_bAmsterdam Avenue ,
_c2010
300 _aix, 393 pages ;
_c22 cm
336 _2rdacontent
_atext
337 _2rdamedia
_aunmediated
338 _2rdacarrier
_avolume
942 _ddc
_cB
999 _c116246
_d116246